Stability and control of aircraft systems , introduction to classical feedback control (Record no. 573390)
[ view plain ]
| 000 -LEADER | |
|---|---|
| fixed length control field | 00575nam a22001817a 4500 |
| 003 - CONTROL NUMBER IDENTIFIER | |
| control field | CEME |
| 005 - DATE AND TIME OF LATEST TRANSACTION | |
| control field | 20210628203357.0 |
| 008 - FIXED-LENGTH DATA ELEMENTS--GENERAL INFORMATION | |
| fixed length control field | 210122b xxu||||| |||| 00| 0 eng d |
| 020 ## - INTERNATIONAL STANDARD BOOK NUMBER | |
| International Standard Book Number | 0-470-01891-7 |
| 040 ## - CATALOGING SOURCE | |
| Transcribing agency | ceme |
| 082 ## - DEWEY DECIMAL CLASSIFICATION NUMBER | |
| Classification number | 629.13236 LAN |
| 100 ## - MAIN ENTRY--PERSONAL NAME | |
| Personal name | Langton, Roy |
| 9 (RLIN) | 65071 |
| 245 ## - TITLE STATEMENT | |
| Title | Stability and control of aircraft systems , introduction to classical feedback control |
| 260 ## - PUBLICATION, DISTRIBUTION, ETC. | |
| Place of publication, distribution, etc. | NEW YORK |
| Name of publisher, distributor, etc. | JOHN WILEY |
| Date of publication, distribution, etc. | 2006 |
| 300 ## - PHYSICAL DESCRIPTION | |
| Extent | XV,238 P |
| 650 ## - SUBJECT ADDED ENTRY--TOPICAL TERM | |
| Topical term or geographic name entry element | STABILITY OF AIRPLANERS, AIRPLANES- CONTROL. AIRCRAFT SYSTEMS STABILITY AND CONTROL |
| 9 (RLIN) | 65072 |
| 942 ## - ADDED ENTRY ELEMENTS (KOHA) | |
| Koha item type | Book |
| Source of classification or shelving scheme | |
| Withdrawn status | Lost status | Damaged status | Not for loan | Permanent Location | Current Location | Shelving location | Date acquired | Total Checkouts | Full call number | Barcode | Date last seen | Price effective from | Koha item type |
|---|---|---|---|---|---|---|---|---|---|---|---|---|---|
| College of Electrical & Mechanical Engineering (CEME) | College of Electrical & Mechanical Engineering (CEME) | General Stacks | 07/27/2017 | 629.13236 LAN | CEME-42903 | 06/28/2021 | 06/28/2021 | Book |
